Farma a dvor poľno-hospodárska príručka Sväzok VIII

Bibliographic Details
Main Author: Porubský, Ján, 1874-1953 (Author, Compiler)
Format: Book
Language:Slovak
PhysicalDescription:288 s. fotogr., obr. 19 cm
Published: Scranton Obrana Press 1951
Subjects:

MARC

LEADER 00000cam a2200000 a 4500
001 vtls001174870
003 SK-MaSNL
005 20260301105416.0
008 240226s1951 xxu g 000 0 slo
035 |a SNK000117864 
035 |a urn:nbn:sk:snk-am3i312 
035 |a FCC654A1-DC79-4AA2-A0BB-E83B76DBDB55 
035 |a urn:nbn:sk:snk-am00di3k 
040 |a SNK  |b slo  |c SNK  |e AACR2 
041 0 |a slo 
044 |a xxu  |c US 
080 |a 63(035)  |2 1981 
100 1 |a Porubský, Ján,  |d 1874-1953  |4 aut  |4 com  |9 179182 
245 1 0 |a Farma a dvor  |b poľno-hospodárska príručka  |n Sväzok VIII  |c sostavil Ján Porubský 
260 |a Scranton  |b Obrana Press  |c 1951 
300 |a 288 s.  |b fotogr., obr.  |c 19 cm 
500 |a Ilustr. na tit. liste 
650 0 7 |a poľnohospodárstvo  |2 SNKPH  |9 679 
650 0 7 |a ovocinárstvo  |2 SNKPH  |9 16370 
650 0 7 |a záhradníctvo  |2 SNKPH  |9 2729 
655 7 |a príručky  |2 SNKPH  |9 74364 
852 |a Slovenská národná knižnica 
954 |a odborná, vedecká literatúra pôvodná (slovenská)  |2 lita 
958 |a APR 
958 |a UC 
958 |a ZS 
958 |a TL 
958 |a ONDV 
999 |c 700784  |d 702714 
952 |a SNK  |b SNK  |y PREZ  |7 0  |p 17A0908541  |o snkSD 5463/8  |i snkV 1409/93  |0 0  |1 0  |4 0  |d 2018-10-09  |f 1  |l 0  |r 2025-11-12 00:00:00  |w 2026-02-23